Statistiques concernant Chansons de Nolwenn Leroy

Cliquez ici pour prendre le quiz!

Statistiques générales

  • Ce quiz a été pris 4 fois
  • Le résultat moyen est 27 sur 104

Statistiques - réponses

AlbumsChansons% Correct
Brest
75%
Nolwenn LeroyCassé
75%
Juste pour me souvenir
75%
La jument de Michao
75%
Le Bagad De Lann-Bihoué
75%
Histoires NaturellesNolwenn Ohwo !
75%
Ahès
50%
Aux Filles De L'Eau
50%
Brésil, Finistère
50%
Bro Gozh Va Zadoù
50%
Ô Filles De L'EauDavy Jones
50%
D'émeraude
50%
Faut-Il Faut-Il Pas ?
50%
GemmeGemme
50%
Je Ne Serai Jamais Ta Parisienne
50%
Je t'aimais je t'aime et je t'aimerais
50%
La cavale
50%
Moonlight Shadow
50%
Ophélia
50%
Rentrer En Bretagne
50%
Run It Down
50%
Suivre une étoile
50%
Sur Mes Lèvres
50%
To France
50%
Trace ton chemin
50%
Bretonne (Edition Noël)Tri Matolod
50%
14 février
25%
Abysses
25%
A La Vie A La Mort
25%
Amazing Grace
25%
Amis Des Jours De Pluie
25%
Cauchemar
25%
Ce qu'il nous faudrait
25%
Changer l'eau des fleurs
25%
Dans Les Prisons De Nantes
25%
Diabolo menthe
25%
Dirty Old Town
25%
Être une femme
25%
Endormie
25%
Greensleeves
25%
Histoire Naturelle
25%
Homeland
25%
J'aimais Tant L'Aimer
25%
J'Ai Volé Le Lit De La Mer
25%
Karantez Vro
25%
Le Cheshire Cat Et MoiLe Cheshire Cat
25%
Le Rêve Des Filles
25%
Les Chimères
25%
Limitless
25%
La CavaleLoin
25%
London Fantasy
25%
Mademoiselle De La Gamelle
25%
Mélusine
25%
Mon Ange
25%
Mon beau corsaire
25%
Mystère
25%
Occident
25%
Pourtant
25%
Qui mieux que moi
25%
Rayer l'émotion inutile
25%
Reste Encore
25%
Safe & Sound
25%
Scarborough Fair
25%
Sixième continent
25%
So Far Away From L.A.
25%
Stephen
25%
Suite Sudarmoricaine
25%
Textile Schizophrénique
25%
The Lake
25%
Tout A Une Fin
25%
Une femme cachée
25%
Valse Au Sommet
25%
Virages
25%
Whiskey In The Jar
25%
You Get Me
25%
A Dream
0%
Bien plus précieux
0%
Ce que je suis
0%
Combat pour la paix
0%
Feel Good
0%
Finir contre toi
0%
Hollywood
0%
Inévitablement
0%
FolkJe ne peux plus dire je t'aime
0%
Jolie Louise
0%
Jure moi
0%
La houle
0%
La lune en plein jour
0%
L'Ankou
0%
La Rua Madureira
0%
L'Enfant Cerf-Volant
0%
Le tournis
0%
Ma Bretagne Quand Elle Pleut
0%
Ma petite fille de rêve
0%
Marions les roses
0%
Mna Na H-Eireann
0%
On est comme on est
0%
Parfaitement Insaisissable
0%
Rien De Mieux Au Monde
0%
Sacré géranium
0%
Siuil A Ruin
0%
Suzanne
0%
Tu me plais
0%
Vu d'en haut
0%

Distribution des résultats

Percentile par nombre de réponses

% des personnes avec chaque résultat

Votre développement - résultats

Vous n’avez pas pris ce quiz